[Event "WA Open Booster Section"]
[Site "?"]
[Date "2007.05.26"]
[Round "2"]
[White "Johnson, Trevor"]
[Black "O'Sullivan, Conor"]
[Result "0-1"]
[WhiteElo "864"]
[BlackElo "1078"]
[PlyCount "125"]
[EventDate "2007.05.??"]
[SourceDate "2007.05.26"]

1. e4 e5 2. Nf3 Nc6 3. Nc3 Bc5 4. Bc4 Nf6 5. d3 Ng4 6. O-O O-O 7. Ng5 d6 8. h3
Nf6 9. Nf3 a6 10. Bg5 Na5 11. Nd5 Nxc4 12. dxc4 Be6 13. Nxf6+ gxf6 14. Bh6 Re8
15. Nd2 Kh8 16. b3 Rg8 17. Kh1 Rg6 18. Be3 Qg8 19. Rg1 Qg7 20. Bxc5 dxc5 21.
Nf3 Rg8 22. Nh4 Rh6 23. Nf5 Bxf5 24. exf5 Qg5 25. Qf3 Qh5 26. Qxh5 Rxh5 27.
Rad1 Rxf5 28. Rgf1 Rfg5 29. g3 f5 30. Rd7 Kg7 31. Rxc7 b6 32. Rd1 Rg6 33. Rd5
Re6 34. Rcd7 Rge8 35. R5d6 Rxd6 36. Rxd6 Re6 37. Rxe6 fxe6 38. Kg2 Kg6 39. Kf3
Kg5 40. h4+ Kf6 41. a3 e4+ 42. Kf4 e5+ 43. Ke3 Kg6 44. b4 Kh5 45. c3 Kg4 46. a4
a5 47. bxa5 bxa5 48. Ke2 f4 49. gxf4 exf4 50. h5 Kxh5 51. f3 exf3+ 52. Kxf3 Kg5
53. Ke4 h5 54. Kd5 f3 55. Kxc5 f2 56. Kd6 f1=Q 57. c5 Qf8+ 58. Kc6 Qc8+ 59. Kb6
h4 60. c6 h3 61. c7 h2 62. c4 h1=Q 63. c5 0-1

[Event "WA Open Booster Section"]
[Site "?"]
[Date "2007.05.26"]
[Round "1"]
[White "Johnson, Trevor"]
[Black "Supathanasinkasaem, Sampoth"]
[Result "0-1"]
[WhiteElo "864"]
[BlackElo "1159"]
[PlyCount "56"]
[EventDate "2007.05.??"]
[SourceDate "2007.05.26"]

1. e4 c5 2. c3 d5 3. exd5 Qxd5 4. c4 Qd6 5. Nf3 Nc6 6. Be2 Bf5 7. Nc3 Nb4 8. d3
Bxd3 9. Bxd3 Nxd3+ 10. Kf1 O-O-O 11. Nb5 Qb6 12. Qe2 f6 13. Ne1 Nxc1 14. Rxc1
e5 15. Rd1 Rxd1 16. Qxd1 a6 17. Nc3 Qxb2 18. Qb3 Qxb3 19. axb3 Ne7 20. Na4 Nc6
21. Nd3 Kc7 22. Naxc5 Bxc5 23. Nxc5 Nd4 24. Ke1 Kc6 25. Kd2 Kxc5 26. Kc3 a5 27.
f4 Ne2+ 28. Kd2 Nxf4 0-1

[Event "WA Open Booster Section"]
[Site "?"]
[Date "2007.05.27"]
[Round "4"]
[White "MacGregor, Logan"]
[Black "O'Sullivan, Conor"]
[Result "0-1"]
[WhiteElo "1139"]
[BlackElo "1078"]
[PlyCount "76"]
[EventDate "2007.05.??"]
[SourceDate "2007.05.26"]

1. e4 c5 2. Nf3 Nc6 3. g3 d6 4. Bg2 Bg4 5. h3 Bxf3 6. Bxf3 Nf6 7. d3 d5 8. Nd2
dxe4 9. Nxe4 Nxe4 10. Bxe4 Rc8 11. c3 e6 12. h4 b5 13. O-O Be7 14. Qh5 g6 15.
Qh6 Ne5 16. Rd1 f5 17. Bf4 Nf7 18. Qg7 Bf6 19. Bg5 Bxg7 20. Bxd8 Rxd8 21. Bc6+
Ke7 22. Bxb5 Nd6 23. a4 Rb8 24. d4 cxd4 25. cxd4 Rhd8 26. Rdc1 Nxb5 27. axb5
Rd7 28. d5 Bxb2 29. dxe6 Kxe6 30. Rc6+ Kf7 31. Raa6 Rxb5 32. h5 g5 33. Rc8 Bd4
34. Rc2 Rb2 35. Rxb2 Bxb2 36. Kg2 Bd4 37. h6 Bb6 38. Ra1 Rd2 0-1

[Event "WA Open Booster Section"]
[Site "?"]
[Date "2007.05.26"]
[Round "1"]
[White "May, Norm"]
[Black "Jacobson, Laura"]
[Result "1-0"]
[WhiteElo "1120"]
[BlackElo "628"]
[PlyCount "83"]
[EventDate "2007.05.??"]
[SourceDate "2007.05.26"]

1. d4 d5 2. Bf4 Nf6 3. e3 c5 4. c3 Nc6 5. Bd3 Bd7 6. Nf3 e6 7. h3 Qb6 8. Qc2
Rc8 9. O-O cxd4 10. exd4 Nb4 11. Qe2 Nxd3 12. Qxd3 Bb5 13. c4 Bxc4 14. Qc3 Bb4
15. Qc2 O-O 16. Nbd2 Bxf1 17. Qd1 Bb5 18. a3 Bxd2 19. Bxd2 Ne4 20. a4 Nxd2 21.
Qxd2 Bd7 22. Ne5 Qd6 23. b4 f6 24. Nf3 Rc4 25. b5 Rfc8 26. g3 Qb4 27. Qd1 e5
28. dxe5 Bxh3 29. exf6 d4 30. f7+ Kf8 31. Ng5 Bf5 32. Qf3 Rc1+ 33. Rxc1 Rxc1+
34. Kg2 Qe1 35. Qa3+ Qe7 36. Qxc1 Be4+ 37. f3 Bg6 38. Qc8+ Qe8 39. fxe8=Q+ Bxe8
40. Ne6+ Ke7 41. Nxd4 Bd7 42. Qxb7 1-0

[Event "WA Open Booster Section"]
[Site "?"]
[Date "2007.05.28"]
[Round "5"]
[White "McPherson, Ian"]
[Black "Cordero, Rowland"]
[Result "1-0"]
[WhiteElo "959"]
[BlackElo "1353"]
[PlyCount "53"]
[EventDate "2007.05.??"]
[SourceDate "2007.05.26"]

1. d4 d5 2. Bf4 Nf6 3. e3 e6 4. Nf3 Be7 5. h3 Nbd7 6. Bd3 c5 7. c3 b6 8. O-O a5
9. Nbd2 O-O 10. Qc2 c4 11. Be2 b5 12. a3 a4 13. Ne5 Ra6 14. Bf3 Bb7 15. Rfe1
Bd6 16. Nxd7 Qxd7 17. Bxd6 Rxd6 18. e4 dxe4 19. Nxe4 Bxe4 20. Bxe4 Nxe4 21.
Rxe4 Rd5 22. Rae1 Qe7 23. Qe2 Rfd8 24. Qf3 Qd7 25. Re5 Qe7 26. Rxd5 Rxd5 27.
Qxd5 1-0

[Event "WA Open Booster Section"]
[Site "?"]
[Date "2007.05.27"]
[Round "4"]
[White "Mellott, Michael"]
[Black "Jacobson, Laura"]
[Result "1-0"]
[WhiteElo "1081"]
[BlackElo "628"]
[PlyCount "99"]
[EventDate "2007.05.??"]
[SourceDate "2007.05.26"]

1. e4 e5 2. Bc4 Nf6 3. d3 Nc6 4. Nf3 Bc5 5. Nc3 d6 6. O-O Bg4 7. Bg5 h6 8. Bh4
Qd7 9. Bxf6 gxf6 10. Nd5 O-O-O 11. Nxf6 Bxf3 12. Qxf3 Nd4 13. Qd1 Qe7 14. Nd5
Qg5 15. c3 Rdg8 16. g3 Ne6 17. b4 Nf4 18. Nxf4 exf4 19. bxc5 Qh4 20. Bxf7 Rg7
21. Be6+ Kb8 22. Kh1 fxg3 23. fxg3 Rxg3 24. Rg1 Rg5 25. Rg2 Rxg2 26. Kxg2 Qg5+
27. Kh1 Qxc5 28. Qb3 b6 29. d4 Qg5 30. Qa4 Qe3 31. Qc6 Qf3+ 32. Kg1 Qe3+ 33.
Kg2 Qe2+ 34. Kg3 Qe3+ 35. Kg4 Qg5+ 36. Kf3 Rf8+ 37. Bf5 Qh5+ 38. Ke3 Qg5+ 39.
Kd3 Qg2 40. Kc4 Qe2+ 41. Kd5 Qb2 42. Rg1 Qxa2+ 43. c4 Qa5+ 44. Ke6 Qa2 45. Rg7
Rc8 46. e5 Qe2 47. Be4 Qxe4 48. Qxe4 Re8+ 49. Kd5 dxe5 50. dxe5 1-0

[Event "WA Open Booster Section"]
[Site "?"]
[Date "2007.05.27"]
[Round "2"]
[White "Mies, J. C.."]
[Black "Iordanov, Stoyan"]
[Result "1/2-1/2"]
[WhiteElo "710"]
[BlackElo "856"]
[PlyCount "87"]
[EventDate "2007.05.??"]
[SourceDate "2007.05.26"]

1. e4 c5 2. Nf3 d6 3. Bb5+ Bd7 4. Bxd7+ Qxd7 5. O-O Nf6 6. Nc3 e6 7. d3 h6 8.
Be3 b6 9. Qd2 g5 10. Bxg5 hxg5 11. Qxg5 Qe7 12. e5 Bh6 13. exf6 Bxg5 14. fxe7
Bxe7 15. Nb5 Kd7 16. Rfe1 Nc6 17. Rad1 a6 18. Nc3 b5 19. Re4 d5 20. Rg4 Bf6 21.
Ne2 Ne5 22. Nxe5+ Bxe5 23. d4 Bxh2+ 24. Kf1 c4 25. g3 f5 26. Rg7+ Kd6 27. c3
Raf8 28. Nf4 Bxg3 29. fxg3 Rh1+ 30. Ke2 Rxd1 31. Kxd1 a5 32. a3 Rh8 33. Ke2
Rh2+ 34. Kd1 Rxb2 35. Rg6 Kd7 36. Kc1 Rf2 37. Rxe6 Rxf4 38. gxf4 Kxe6 39. Kd2
Kf6 40. Ke3 Kg6 41. Kf3 Kh5 42. Kg3 Kh6 43. Kh4 a4 44. Kg3 1/2-1/2

[Event "WA Open Booster Section"]
[Site "?"]
[Date "2007.05.26"]
[Round "1"]
[White "O'Sullivan, Conor"]
[Black "Hornickle, John"]
[Result "0-1"]
[WhiteElo "1078"]
[BlackElo "1304"]
[PlyCount "96"]
[EventDate "2007.05.??"]
[SourceDate "2007.05.26"]

1. e4 c6 2. Nf3 d5 3. exd5 cxd5 4. d4 Bf5 5. c4 Nf6 6. Nc3 e6 7. Qa4+ Nc6 8.
Ne5 Qa5 9. Nxc6 Qxa4 10. Nxa4 bxc6 11. c5 Rb8 12. a3 Bc2 13. Nc3 Bb3 14. f3 Nd7
15. Be2 Be7 16. Bf4 Rd8 17. Bd1 Bxd1 18. Rxd1 e5 19. Bxe5 Nxe5 20. dxe5 Bxc5
21. b4 Be7 22. O-O Kd7 23. f4 Kc7 24. f5 Rhe8 25. g4 Bg5 26. Rfe1 Bf4 27. e6
fxe6 28. fxe6 Bg5 29. Na4 Be7 30. Nc5 Bxc5+ 31. bxc5 Re7 32. Rd2 Rf8 33. Rf2
Rf6 34. Rxf6 gxf6 35. Kf2 Kb7 36. Kf3 Ka6 37. Kf4 Kb5 38. Kf5 Kxc5 39. Kxf6 Kd6
40. h4 d4 41. h5 c5 42. g5 d3 43. Re3 c4 44. g6 hxg6 45. hxg6 d2 46. g7 Rxg7
47. Kxg7 d1=Q 48. Kf6 Qd4+ 0-1

[Event "WA Open Booster Section"]
[Site "?"]
[Date "2007.05.28"]
[Round "5"]
[White "O'Sullivan, Conor"]
[Black "Ma, Kevin"]
[Result "1-0"]
[WhiteElo "1078"]
[BlackElo "1176"]
[PlyCount "41"]
[EventDate "2007.05.??"]
[SourceDate "2007.05.26"]

1. e4 c5 2. Nf3 Nc6 3. Nc3 e6 4. d4 cxd4 5. Nxd4 Nf6 6. Bg5 Be7 7. Nxc6 bxc6 8.
e5 Nd5 9. Bxe7 Nxe7 10. Bd3 Qc7 11. Qe2 Rb8 12. O-O-O Qb6 13. b3 Nd5 14. Nxd5
cxd5 15. Rhf1 Qa5 16. Qg4 O-O 17. Kb1 Rb4 18. Qh3 h6 19. g4 Qd8 20. f4 f5 21.
exf6 1-0

[Event "WA Open Booster Section"]
[Site "?"]
[Date "2007.05.27"]
[Round "4"]
[White "Omori, Jeffrey"]
[Black "Iordanov, Stoyan"]
[Result "1-0"]
[WhiteElo "1323"]
[BlackElo "856"]
[PlyCount "77"]
[EventDate "2007.05.??"]
[SourceDate "2007.05.26"]

1. e4 c5 2. Nf3 d6 3. d4 cxd4 4. Nxd4 Nf6 5. Nc3 a6 6. Bc4 e6 7. O-O b5 8. Bb3
Bb7 9. Re1 Nc6 10. Nxc6 Bxc6 11. a3 Be7 12. Qf3 O-O 13. Qg3 Kh8 14. Bd2 d5 15.
exd5 Nxd5 16. Nxd5 Bxd5 17. Rad1 Bxb3 18. Bc3 Bf6 19. Rxd8 Raxd8 20. Bxf6 gxf6
21. Qxb3 Rg8 22. Qf3 Rg6 23. Rd1 Rc8 24. c3 a5 25. Qb7 Rcg8 26. Rd7 Rxg2+ 27.
Qxg2 Rxg2+ 28. Kxg2 Kg7 29. Rb7 f5 30. Rxb5 f6 31. Rxa5 e5 32. c4 Kg6 33. c5
Kg5 34. c6 Kg4 35. c7 f4 36. f3+ Kh4 37. c8=Q h5 38. Qf5 e4 39. Qxf6# 1-0

[Event "WA Open Booster Section"]
[Site "?"]
[Date "2007.05.27"]
[Round "4"]
[White "Supathanasinkasaem, Sampoth"]
[Black "Rutgers, Bert"]
[Result "1-0"]
[WhiteElo "1159"]
[BlackElo "1339"]
[PlyCount "97"]
[EventDate "2007.05.??"]
[SourceDate "2007.05.26"]

1. e4 e5 2. f4 exf4 3. Nf3 d5 4. exd5 Qxd5 5. Nc3 Qa5 6. Bc4 Be7 7. d3 Nf6 8.
Bxf4 O-O 9. O-O Bg4 10. Qd2 Bb4 11. Rae1 Nbd7 12. a3 Bxc3 13. Qxc3 Qxc3 14.
bxc3 c6 15. h3 Bxf3 16. Rxf3 Rae8 17. Rfe3 Rxe3 18. Bxe3 Re8 19. Kf2 b5 20. Bb3
a6 21. Bd2 Rxe1 22. Bxe1 c5 23. c4 Kf8 24. cxb5 axb5 25. Ke3 Ke7 26. c4 bxc4
27. Bxc4 Nb6 28. Bb5 Nbd5+ 29. Kf3 Nc7 30. Bc4 Nd7 31. Bg3 Ne6 32. a4 Nb6 33.
a5 Nxc4 34. dxc4 Nd4+ 35. Ke4 Kd7 36. Kd5 Kc8 37. Kxc5 Ne6+ 38. Kb6 f5 39. Be5
Nf8 40. Bxg7 Nd7+ 41. Kb5 Kb7 42. c5 Nb8 43. Be5 h5 44. Bxb8 Kxb8 45. Kb6 h4
46. c6 f4 47. c7+ Kc8 48. a6 f3 49. a7 1-0

[Event "WA Open Booster Section"]
[Site "?"]
[Date "2007.05.28"]
[Round "5"]
[White "Supathanasinkasaem, Sampoth"]
[Black "Southcote-Want, Ian"]
[Result "1-0"]
[WhiteElo "1159"]
[BlackElo "1252"]
[PlyCount "117"]
[EventDate "2007.05.??"]
[SourceDate "2007.05.26"]

1. e4 e6 2. d4 d5 3. Nc3 Bb4 4. e5 c5 5. a3 Bxc3+ 6. bxc3 c4 7. Qg4 g6 8. h4
Nd7 9. h5 Ne7 10. Bg5 Rg8 11. hxg6 hxg6 12. Rh6 Qa5 13. Qh3 Rf8 14. Rh8 Rxh8
15. Qxh8+ Nf8 16. Kd2 Qc7 17. Bh6 Ng8 18. Qxg8 Qe7 19. Nf3 f6 20. Bxf8 Qxf8 21.
Qxg6+ Ke7 22. Qxf6+ Qxf6 23. exf6+ Kxf6 24. Ne5 b6 25. Be2 Bb7 26. Rh1 a6 27.
Rh7 Bc8 28. Rc7 b5 29. Nc6 a5 30. Ra7 Rxa7 31. Nxa7 Ba6 32. Nc6 a4 33. Ke3 Bb7
34. Ne5 Kf5 35. g4+ Kg5 36. f4+ Kf6 37. g5+ Kg7 38. Bh5 Bc8 39. Be8 Ba6 40. Nd7
b4 41. cxb4 c3 42. Nc5 Bf1 43. Bxa4 Kg6 44. Be8+ Kg7 45. b5 Bxb5 46. Bxb5 e5
47. a4 exd4+ 48. Kxd4 Kg6 49. a5 Kh5 50. a6 Kg4 51. Nd3 Kh5 52. a7 Kg4 53. a8=Q
Kh5 54. Qh8+ Kg4 55. Bd7+ Kf3 56. Qh3+ Ke2 57. Qe3+ Kd1 58. Qe1+ Kxc2 59. Ba4#
1-0

[Event "WA Open Booster Section"]
[Site "?"]
[Date "2007.05.27"]
[Round "3"]
[White "Terrill, Mike"]
[Black "Frimodt, Mitchell"]
[Result "1-0"]
[WhiteElo "1398"]
[BlackElo "801"]
[PlyCount "41"]
[EventDate "2007.05.??"]
[SourceDate "2007.05.26"]

1. d4 d5 2. c4 e6 3. Nc3 Nf6 4. cxd5 exd5 5. Bg5 Be6 6. Qc2 Bb4 7. a3 Bxc3+ 8.
bxc3 Nc6 9. Nf3 Qe7 10. e3 O-O-O 11. Bb5 Bd7 12. O-O h6 13. Bxf6 Qxf6 14. Qa4
Qg6 15. Bxc6 Bh3 16. Bxb7+ Kxb7 17. Rfb1+ Kc8 18. g3 Qf6 19. Ne5 Bf5 20. Qc6
Bxb1 21. Qa8# 1-0

[Event "WA Open Booster Section"]
[Site "?"]
[Date "2007.05.26"]
[Round "1"]
[White "Walker, Alan"]
[Black "Cordero, Rowland"]
[Result "1-0"]
[WhiteElo "1096"]
[BlackElo "1353"]
[PlyCount "78"]
[EventDate "2007.05.??"]
[SourceDate "2007.05.26"]

1. d4 d5 2. Nf3 Nf6 3. Bg5 e6 4. Nbd2 Be7 5. e3 Nbd7 6. Bd3 O-O 7. Ne5 c6 8.
O-O Qc7 9. Bxh7+ Kxh7 10. f4 g6 11. Rf3 Kg7 12. h4 Nxe5 13. fxe5 Nh7 14. Bf4
Qd8 15. g4 Bxh4 16. Rh3 Bg5 17. Qf3 Bd7 18. Kg2 Rh8 19. Rah1 Qe7 20. Kg1 Raf8
21. R1h2 Bxf4 22. exf4 Ng5 23. fxg5 Rfg8 24. Qf6+ Qxf6 25. gxf6+ Kf8 26. Rxh8
b6 27. Kf2 c5 28. Nf3 c4 29. Ng5 Ba4 30. Nh7+ Ke8 31. Rxg8+ Kd7 32. c3 a5 33.
Ng5 Kc6 34. Rh7 Kb5 35. Rxf7 Bc2 36. Rb7 Ka4 37. Rxb6 Bb3 38. a3 Bc2 39. Ra8
Bf5 1-0

[Event "WA Open Booster Section"]
[Site "?"]
[Date "2007.05.27"]
[Round "3"]
[White "Yu, Justin"]
[Black "Supathanasinkasaem, Sampoth"]
[Result "0-1"]
[WhiteElo "1193"]
[BlackElo "1159"]
[PlyCount "50"]
[EventDate "2007.05.??"]
[SourceDate "2007.05.26"]

1. e4 c5 2. Nf3 d6 3. d4 cxd4 4. Nxd4 Nf6 5. Nc3 g6 6. Be3 Bg7 7. Bb5+ Nbd7 8.
Ba4 O-O 9. Nb3 a6 10. Nd4 Nc5 11. Bb3 Nfxe4 12. Nxe4 Nxe4 13. O-O Qa5 14. c3 d5
15. Bc2 Nf6 16. Re1 Ng4 17. h3 Nxe3 18. Rxe3 Qb6 19. Rxe7 Qxb2 20. Bb3 Qxc3 21.
Nc2 Bf5 22. Rc1 Rac8 23. Rxb7 Bh6 24. g4 Be4 25. Rb1 Qxh3 0-1